[Event "SC Vaterstetten-SV Ahlen 54"]
[Site "?"]
[Date "2009.12.29"]
[Round "6.3"]
[White "Wefers, Simon"]
[Black "Schackmann, Oliver"]
[Result "0-1"]
[WhiteElo "1015"]
[BlackElo "1138"]
[PlyCount "60"]
[EventDate "2009.??.??"]
[WhiteTeam "SV Ahlen 54"]
[BlackTeam "SC Vaterstetten"]

1. e4 c5 2. c3 g6 3. d4 cxd4 4. cxd4 Bg7 5. Nf3 d6 6. Nc3 Nf6 7. Be3 O-O 8. Be2
Nc6 9. O-O e6 10. Qd2 Ne7 11. h3 Bd7 12. Bh6 Qb6 13. Bxg7 Kxg7 14. Rfd1 Rfd8
15. b3 Rac8 16. Qe1 a6 17. e5 dxe5 18. dxe5 Nfd5 19. Nxd5 Nxd5 20. Rac1 Rc6 21.
Nd4 Rxc1 22. Rxc1 Qxd4 23. Rd1 Qxe5 24. Rd3 Bb5 25. Rd2 Bxe2 26. Rxe2 Qc3 27.
Qd1 Rc8 28. Kh2 Qc7+ 29. g3 Kg8 30. Kg2 Nc3 0-1

[Event "SC Vaterstetten-SV Ahlen 54"]
[Site "?"]
[Date "2009.12.29"]
[Round "6.4"]
[White "Hilger, Sebastian"]
[Black "Volesky, Anna-Katharina"]
[Result "1/2-1/2"]
[WhiteElo "1022"]
[BlackElo "1026"]
[PlyCount "125"]
[EventDate "2009.??.??"]
[WhiteTeam "SC Vaterstetten"]
[BlackTeam "SV Ahlen 54"]

1. e4 e6 2. d4 d5 3. exd5 exd5 4. Nc3 Be6 5. Be3 Bd6 6. Bd3 Nc6 7. Nge2 Qd7 8.
O-O Nge7 9. Nf4 Bxf4 10. Bxf4 Nxd4 11. Ne2 Ndc6 12. c3 O-O-O 13. Nd4 Nxd4 14.
cxd4 Bf5 15. Bxf5 Qxf5 16. Bg3 h5 17. Rc1 c6 18. h3 g5 19. Qa4 a6 20. Qa5 Rd7
21. b4 Qd3 22. a4 h4 23. Bh2 g4 24. hxg4 h3 25. Bg3 h2+ 26. Bxh2 Qh7 27. f3
Qxh2+ 28. Kf2 f5 29. b5 fxg4 30. bxa6 bxa6 31. Qxa6+ Kd8 32. Qa8+ Nc8 33. Rxc6
Rc7 34. Rxc7 Qxc7 35. Qxd5+ Nd6 36. Qg5+ Ke8 37. Re1+ Kf8 38. Qf6+ Nf7 39. fxg4
Rh6 40. Qf5 Qd6 41. Qc5 Rf6+ 42. Kg1 Qxc5 43. dxc5 Rf4 44. Ra1 Rc4 45. a5 Rxc5
46. a6 Rc8 47. a7 Ra8 48. Kf2 Nd6 49. Ke3 Nb5 50. Ke4 Ke7 51. Kd5 Kd7 52. Kc5
Rxa7 53. Rxa7+ Nxa7 54. Kd5 Nb5 55. Ke5 Ke7 56. Kf5 Kf7 57. g5 Kg7 58. g6 Nd6+
59. Kg5 Nc4 60. g3 Ne5 61. Kf5 Nxg6 62. Kg5 Ne7 63. g4 1/2-1/2

[Event "SC Widdern-SG Turm Raesfeld/Erle"]
[Site "?"]
[Date "2009.12.29"]
[Round "6.1"]
[White "Suer, Maximilian"]
[Black "Schissler, Cornelius"]
[Result "1-0"]
[WhiteElo "1153"]
[BlackElo "1263"]
[PlyCount "67"]
[EventDate "2009.??.??"]
[WhiteTeam "SG Turm Raesfeld/Erle"]
[BlackTeam "SC Widdern"]

1. e4 e5 2. Nf3 Nc6 3. Bc4 Bc5 4. c3 Nf6 5. d4 exd4 6. cxd4 Bb4+ 7. Nc3 Bxc3+
8. bxc3 Nxe4 9. O-O O-O 10. Qc2 Nf6 11. Bg5 d5 12. Bxf6 Qxf6 13. Bxd5 Bf5 14.
Be4 Bxe4 15. Qxe4 Rfe8 16. Qd3 Rad8 17. Qb5 b6 18. Rfe1 h6 19. Rxe8+ Rxe8 20.
d5 Qxc3 21. Rf1 Re2 22. Qxe2 Nb4 23. Qe8+ Kh7 24. Qxf7 Qc4 25. Re1 Qxd5 26.
Qxd5 Nxd5 27. Re5 c6 28. Nd4 Nc3 29. Nxc6 Nxa2 30. Nxa7 Nc3 31. Re6 b5 32. Rb6
Ne2+ 33. Kf1 Nd4 34. Nxb5 1-0

[Event "SC Widdern-SG Turm Raesfeld/Erle"]
[Site "?"]
[Date "2009.12.29"]
[Round "6.2"]
[White "Dirks, Alexander"]
[Black "Ridder, David"]
[Result "0-1"]
[WhiteElo "1107"]
[BlackElo "1251"]
[PlyCount "66"]
[EventDate "2009.??.??"]
[WhiteTeam "SC Widdern"]
[BlackTeam "SG Turm Raesfeld/Erle"]

1. e4 e5 2. Nf3 Nc6 3. d4 exd4 4. Nxd4 Bc5 5. Be3 d6 6. Nxc6 bxc6 7. Bxc5 dxc5
8. Qxd8+ Kxd8 9. Bc4 Nf6 10. Bxf7 Ba6 11. Nd2 Rf8 12. Bc4 Bb7 13. O-O-O Ke7 14.
e5 Nd5 15. Nf3 Rf4 16. Bd3 h6 17. a3 Bc8 18. h3 c4 19. Bg6 Rb8 20. Rhe1 c3 21.
b3 a5 22. Re4 a4 23. Rxf4 Nxf4 24. Be4 Be6 25. b4 c5 26. Ng1 cxb4 27. Kb1 bxa3+
28. Ka1 a2 29. g3 Rb4 30. f3 Ng2 31. h4 Ne3 32. Re1 Rxe4 33. fxe4 Nxc2# 0-1

[Event "SC Widdern-SG Turm Raesfeld/Erle"]
[Site "?"]
[Date "2009.12.29"]
[Round "6.3"]
[White "Tünte, Marcel"]
[Black "Weinmeister, Nico"]
[Result "1/2-1/2"]
[WhiteElo "1210"]
[BlackElo "1075"]
[PlyCount "43"]
[EventDate "2009.??.??"]
[WhiteTeam "SG Turm Raesfeld/Erle"]
[BlackTeam "SC Widdern"]

1. e4 e5 2. Nf3 Nc6 3. Bb5 d6 4. d4 Bd7 5. dxe5 Nxe5 6. Bxd7+ Nxd7 7. O-O Ngf6
8. Nc3 Be7 9. Bf4 Ng4 10. h3 Nge5 11. Re1 O-O 12. Bxe5 Nxe5 13. Nxe5 dxe5 14.
Qg4 Qc8 15. Qg3 Bd6 16. Re3 Qe6 17. Rd1 c6 18. Rdd3 Rad8 19. Qh4 Be7 20. Qh5
Rxd3 21. Rxd3 Rd8 22. Rxd8+ 1/2-1/2

[Event "SC Widdern-SG Turm Raesfeld/Erle"]
[Site "?"]
[Date "2009.12.29"]
[Round "6.4"]
[White "Hoffmann, Jens"]
[Black "Tünte, Hendrik"]
[Result "0-1"]
[WhiteElo "899"]
[BlackElo "1049"]
[PlyCount "58"]
[EventDate "2009.??.??"]
[WhiteTeam "SC Widdern"]
[BlackTeam "SG Turm Raesfeld/Erle"]

1. e4 e5 2. Nf3 Nc6 3. Bc4 Bc5 4. c3 Nf6 5. d4 exd4 6. cxd4 Bb4+ 7. Nc3 Nxe4 8.
O-O Nf6 9. d5 Ne7 10. Bg5 d6 11. Bxf6 gxf6 12. Re1 Bg4 13. Qd3 O-O 14. Qe4 Bxf3
15. Qxf3 Ng6 16. Qg3 c6 17. h4 Kh8 18. Re3 Ne5 19. Bb3 Bc5 20. Re2 Rg8 21. Qf4
Qd7 22. Qxf6+ Rg7 23. Ne4 Bd4 24. h5 Qg4 25. Ng3 Qxg3 26. Kf1 Qxg2+ 27. Ke1
Nf3+ 28. Qxf3 Qxf3 29. Kd2 Rg2 0-1

[Event "SV Motor Eberswalde-SV Unterkochen"]
[Site "?"]
[Date "2009.12.29"]
[Round "6.1"]
[White "Krieg, Hannes"]
[Black "Wenzke, Tim"]
[Result "0-1"]
[WhiteElo "1457"]
[BlackElo "1506"]
[PlyCount "108"]
[EventDate "2009.??.??"]
[WhiteTeam "SV Unterkochen"]
[BlackTeam "SV Motor Eberswalde"]

1. e4 d5 2. e5 e6 3. Nf3 c5 4. g3 a6 5. Bg2 Nc6 6. O-O Be7 7. d3 h5 8. h4 Nh6
9. Bxh6 Rxh6 10. Nbd2 Bd7 11. Re1 Kf8 12. Qe2 g5 13. Qe3 d4 14. Qe4 g4 15. Nh2
Nb4 16. Qf4 Kg7 17. Rec1 Bc6 18. Bxc6 Nxc6 19. f3 Qc7 20. Re1 gxf3 21. Nhxf3
Rg8 22. Ne4 Rg6 23. Nf6 Rh8 24. Ng5 Nxe5 25. Nxh5+ Rxh5 26. Rxe5 Bxg5 27. hxg5
Qc6 28. Rf1 Rh1+ 29. Kf2 Rxf1+ 30. Kxf1 f6 31. Re2 Rxg5 32. Qe4 Qxe4 33. Rxe4
e5 34. Kg2 Rh5 35. c3 Rh8 36. Re1 Rd8 37. c4 Rb8 38. b3 b5 39. cxb5 axb5 40.
Rc1 Rc8 41. a4 bxa4 42. bxa4 Kf7 43. Kf3 Ke6 44. g4 Kd5 45. Rc2 c4 46. dxc4+
Rxc4 47. Rxc4 Kxc4 48. a5 Kb5 49. a6 Kxa6 50. Ke4 Kb5 51. Kf5 d3 52. Kxf6 d2
53. g5 d1=Q 54. g6 Qg4 0-1

[Event "SV Motor Eberswalde-SV Unterkochen"]
[Site "?"]
[Date "2009.12.29"]
[Round "6.2"]
[White "Tesch, Davy"]
[Black "Basaran, Mehmet"]
[Result "1-0"]
[WhiteElo "1303"]
[BlackElo "1106"]
[PlyCount "45"]
[EventDate "2009.??.??"]
[WhiteTeam "SV Motor Eberswalde"]
[BlackTeam "SV Unterkochen"]

1. d4 Nf6 2. Nf3 g6 3. e3 Bg7 4. Bd3 d5 5. c3 Nbd7 6. e4 e5 7. Be3 Ng4 8. Qe2
Nxe3 9. Qxe3 exd4 10. cxd4 O-O 11. O-O Re8 12. Qd2 Nf6 13. Nc3 Bg4 14. Qf4 Bxf3
15. Qxf3 Nd7 16. Bc4 Qf6 17. Qxf6 Bxf6 18. Rad1 c5 19. Bb5 Rad8 20. dxc5 a6 21.
Bxd7 Rxd7 22. exd5 Bxc3 23. bxc3 1-0

[Event "SV Motor Eberswalde-SV Unterkochen"]
[Site "?"]
[Date "2009.12.29"]
[Round "6.3"]
[White "Zoller, Philipp"]
[Black "Mätzkow, Maximilian Paul"]
[Result "1/2-1/2"]
[WhiteElo "1021"]
[BlackElo "1366"]
[PlyCount "95"]
[EventDate "2009.??.??"]
[WhiteTeam "SV Unterkochen"]
[BlackTeam "SV Motor Eberswalde"]

1. e4 d5 2. exd5 Qxd5 3. Nc3 Qa5 4. Nf3 Bf5 5. Bc4 Nf6 6. O-O Nbd7 7. d3 c6 8.
a3 e6 9. Re1 Bd6 10. Bd2 Qc7 11. h3 O-O 12. Ne4 Nxe4 13. dxe4 Bg6 14. Bc3 Bh5
15. Qd3 Rad8 16. Qe3 Bf4 17. Qe2 Nb6 18. Bd3 c5 19. b3 Rfe8 20. Rad1 Rc8 21.
Bd2 Bh2+ 22. Kh1 Bf4 23. Bxf4 Qxf4 24. Qe3 Qxe3 25. Rxe3 c4 26. bxc4 Nxc4 27.
Bxc4 Rxc4 28. c3 Rec8 29. Kh2 Kf8 30. Rc1 Bg6 31. e5 a5 32. Nh4 b5 33. Nxg6+
hxg6 34. Kg1 b4 35. axb4 axb4 36. Kf1 bxc3 37. Ke1 R4c5 38. f4 Rc4 39. g3 Ke7
40. Re2 f6 41. Rec2 Re4+ 42. Re2 Rxe2+ 43. Kxe2 Kd7 44. Kd3 Rc5 45. Rxc3 Rd5+
46. Ke4 f5+ 47. Ke3 Rb5 48. g4 1/2-1/2

[Event "SV Motor Eberswalde-SV Unterkochen"]
[Site "?"]
[Date "2009.12.29"]
[Round "6.4"]
[White "Windschügl, Martin"]
[Black "Haidl, Richard"]
[Result "1/2-1/2"]
[WhiteElo "1140"]
[BlackElo "995"]
[PlyCount "46"]
[EventDate "2009.??.??"]
[WhiteTeam "SV Motor Eberswalde"]
[BlackTeam "SV Unterkochen"]

1. e4 e5 2. Nf3 Nc6 3. Bc4 Bc5 4. c3 Nf6 5. d4 exd4 6. e5 Ng8 7. cxd4 Bb4+ 8.
Bd2 Bxd2+ 9. Nbxd2 Nge7 10. O-O d5 11. Bb5 a6 12. Bd3 Bg4 13. Be2 O-O 14. h3
Bh5 15. Nb3 b6 16. Nh2 Bxe2 17. Qxe2 Qd7 18. Qg4 Qxg4 19. Nxg4 Nf5 20. Rad1
Rac8 21. Rfe1 Rfe8 22. Ne3 Nxe3 23. Rxe3 Red8 1/2-1/2

[Event "SC Eppelborn-SF Katernberg"]
[Site "?"]
[Date "2009.12.29"]
[Round "6.1"]
[White "Imcke, Patrick"]
[Black "Dickmann, Christopher"]
[Result "1-0"]
[WhiteElo "1745"]
[BlackElo "1212"]
[PlyCount "49"]
[EventDate "2009.??.??"]
[WhiteTeam "SF Katernberg"]
[BlackTeam "SC Eppelborn"]

1. e4 e5 2. Nf3 Nc6 3. d4 exd4 4. Nxd4 Nf6 5. Nc3 Bb4 6. Nxc6 bxc6 7. Bd3 O-O
8. O-O Bxc3 9. bxc3 d5 10. exd5 cxd5 11. Bg5 Be6 12. f4 c6 13. Kh1 Rb8 14. f5
Bd7 15. Rf3 h6 16. Bh4 Qe7 17. Qg1 Rb7 18. g4 c5 19. g5 hxg5 20. Qxg5 d4 21.
Rg1 g6 22. fxg6 fxg6 23. Qxg6+ Kh8 24. Bxf6+ Qxf6 25. Qh7# 1-0

[Event "SC Eppelborn-SF Katernberg"]
[Site "?"]
[Date "2009.12.29"]
[Round "6.2"]
[White "Klesen, Jonas"]
[Black "Dette, Tim"]
[Result "1-0"]
[WhiteElo "995"]
[BlackElo "1260"]
[PlyCount "104"]
[EventDate "2009.??.??"]
[WhiteTeam "SC Eppelborn"]
[BlackTeam "SF Katernberg"]

1. e4 e6 2. d4 d5 3. exd5 exd5 4. Nf3 Nf6 5. Nc3 c5 6. Bf4 Be7 7. Be2 O-O 8.
O-O Nc6 9. Re1 Bf5 10. Bd3 Bg4 11. dxc5 Bxc5 12. h3 Bh5 13. Na4 Bd6 14. Bxd6
Qxd6 15. Be2 Rfe8 16. Nd2 Bxe2 17. Rxe2 Rxe2 18. Qxe2 Re8 19. Qd1 h6 20. g3 Ne4
21. Nxe4 Rxe4 22. Nc3 Rd4 23. Qe2 Ne5 24. Nb5 Qc5 25. Nxd4 Qxd4 26. c3 Qe4 27.
Qxe4 dxe4 28. Rd1 Kf8 29. Kf1 Ke7 30. Ke2 Ke6 31. g4 g6 32. Rd8 Kf6 33. Ra8 Nc6
34. Rc8 Kg7 35. Ke3 g5 36. Kxe4 Kf6 37. Rc7 Nd8 38. b4 a5 39. Rd7 Nc6 40. Rxb7
axb4 41. Rb6 bxc3 42. Rxc6+ Kg7 43. Rxc3 Kg6 44. a4 h5 45. a5 hxg4 46. hxg4 f6
47. a6 f5+ 48. gxf5+ Kh5 49. a7 g4 50. a8=Q Kh4 51. f6 g3 52. fxg3+ Kh3 1-0

[Event "SC Eppelborn-SF Katernberg"]
[Site "?"]
[Date "2009.12.29"]
[Round "6.3"]
[White "Marvani, Arman"]
[Black "Jankir, Hevidar"]
[Result "0-1"]
[WhiteElo "1067"]
[BlackElo "926"]
[PlyCount "120"]
[EventDate "2009.??.??"]
[WhiteTeam "SF Katernberg"]
[BlackTeam "SC Eppelborn"]

1. e4 e5 2. Nf3 Nc6 3. d4 Bd6 4. Bc4 Nf6 5. dxe5 Nxe5 6. Nxe5 Bxe5 7. Nc3 O-O
8. O-O Bxc3 9. bxc3 Nxe4 10. Qd3 Nf6 11. Qg3 Kh8 12. Qh4 h6 13. Bg5 d6 14. Rae1
Kg8 15. Bxf6 Qxf6 16. Qxf6 gxf6 17. Re3 Bf5 18. Rg3+ Bg6 19. Rxg6+ Kh7 20. Rxf6
Kg7 21. Rf3 Rad8 22. Rd1 c6 23. Be2 Rfe8 24. Bf1 Re7 25. c4 Re5 26. Re3 Ra5 27.
Red3 Rxa2 28. Rxd6 Rxd6 29. Rxd6 Rxc2 30. g3 a5 31. Rd7 a4 32. Rxb7 a3 33. Rb1
a2 34. Ra1 Rb2 35. Kg2 Kf6 36. Bd3 Ke5 37. Kf1 Kd4 38. Bh7 Kxc4 39. Ke1 Kc3 40.
h4 c5 41. f4 Rg2 42. Kf1 Rxg3 43. Rxa2 Rg4 44. Rc2+ Kb4 45. f5 Rxh4 46. f6 Rd4
47. Kf2 c4 48. Bg6 Rd7 49. Re2 fxg6 50. Re7 Rd5 51. f7 Rf5+ 52. Ke2 g5 53. Re6
Rxf7 54. Rxh6 Rg7 55. Rh2 g4 56. Rg2 c3 57. Kd1 Kb3 58. Kc1 g3 59. Kd1 c2+ 60.
Rxc2 g2 0-1

[Event "SC Eppelborn-SF Katernberg"]
[Site "?"]
[Date "2009.12.29"]
[Round "6.4"]
[White "Jankir, Delschad"]
[Black "Döpper, Anna Berenice"]
[Result "1/2-1/2"]
[WhiteElo "758"]
[BlackElo "906"]
[PlyCount "113"]
[EventDate "2009.??.??"]
[WhiteTeam "SC Eppelborn"]
[BlackTeam "SF Katernberg"]

1. e4 e6 2. d4 d5 3. exd5 exd5 4. Nf3 Bd6 5. Be2 Ne7 6. Nc3 O-O 7. O-O c6 8.
Qd3 Bf5 9. Qd1 Nd7 10. Bd3 Bxd3 11. Qxd3 Re8 12. Ng5 Nf6 13. Bd2 h6 14. Nf3 Ng6
15. Rfe1 Qc7 16. g3 Re7 17. Rxe7 Nxe7 18. Re1 Re8 19. Re2 Qb6 20. b3 Qd8 21.
Ne5 Nd7 22. Qf3 Nxe5 23. dxe5 Bb4 24. Qg4 Ng6 25. Qxb4 d4 26. Nd1 b6 27. Qa4
Nxe5 28. Qa6 Nf3+ 29. Kg2 Nxd2 30. Rxd2 Qd5+ 31. f3 Re7 32. Re2 Rd7 33. Re8+
Kh7 34. Qd3+ g6 35. c4 Qg5 36. Ne3 Rd8 37. Rxd8 Qxd8 38. Nc2 c5 39. b4 Qd7 40.
bxc5 bxc5 41. Qa3 Qc7 42. Kf2 Qb6 43. Qb3 Qa5 44. Ke2 Kg7 45. a3 Qc7 46. f4
Qe7+ 47. Kf2 Qc7 48. h3 Qa5 49. Kf3 Qd2 50. h4 Qd1+ 51. Kg2 Qe2+ 52. Kh3 Qf1+
53. Kh2 Qf2+ 54. Kh1 Qf1+ 55. Kh2 Qf2+ 56. Kh3 Qf1+ 57. Kh2 1/2-1/2